000 01083nam a2200313Ia 4500
001 Para_8731
003 CHAP
008 220125s2002 xx 000 0 und d
010 _a205259
040 _cCHAP
090 _aPA TESIS 1725
100 _aAguilar Medel, Sotero
_92761
245 _aSusceptibilidad del gusano bellotero Helicoverpa zea Boddie (Lepidoptera :
_bnoctuidae) a la &-endotoxina CrylA(c) de Bacillus thuringiensis Berliner var. kurstaki /
_c por Sotero Aguilar Medel
260 _aMontecillos, Méx. :
_b el autor
300 _a60 h.
502 _aTesis (M.C. Entomología y Acarología). CP. Instituto de fitosanidad
650 _aBacillus thuringiensis
_99298
650 _aHeliothis
_953436
650 _aHeliothis (Helicoverpa) zea
_953438
650 _aMaíz
_x plagas
_971034
710 _aColegio de Postgraduados. Instituto de Fitosanidad
_9164670
901 _aPA TESIS 1725
902 _aA
905 _a0000002002 n 0000000000 00
910 _a2002
942 _cPARA
942 _cPARA
_d1
999 _c205259
_d205259